Words of wisdom from living Psalms and Proverbs / (Record no. 4230)
[ view plain ]
| 000 -LEADER | |
|---|---|
| fixed length control field | 00767nam a2200229Ii 4500 |
| 001 - CONTROL NUMBER | |
| control field | 3406081 |
| 003 - CONTROL NUMBER IDENTIFIER | |
| control field | OSt |
| 005 - DATE AND TIME OF LATEST TRANSACTION | |
| control field | 20181130183751.0 |
| 008 - FIXED-LENGTH DATA ELEMENTS--GENERAL INFORMATION | |
| fixed length control field | 771109s1967 mnu 001 0 eng d |
| 040 ## - CATALOGING SOURCE | |
| Original cataloging agency | EXN |
| Transcribing agency | EXN |
| Modifying agency | m.c. |
| -- | BSC |
| 082 ## - DEWEY DECIMAL CLASSIFICATION NUMBER | |
| Classification number | 223.20 |
| Item number | T238W |
| 092 ## - LOCALLY ASSIGNED DEWEY CALL NUMBER (OCLC) | |
| Classification number | 223.2052 |
| Item number | T243w |
| 100 1# - MAIN ENTRY--PERSONAL NAME | |
| Personal name | Taylor, Kenneth Nathaniel. |
| 245 10 - TITLE STATEMENT | |
| Title | Words of wisdom from living Psalms and Proverbs / |
| Statement of responsibility, etc. | paraphrased by Kenneth N. Taylor ; compiled by George M. Wilson. |
| 260 ## - PUBLICATION, DISTRIBUTION, ETC. | |
| Place of publication, distribution, etc. | Minneapolis, Minn. : |
| Name of publisher, distributor, etc. | World Wide Publications, |
| Date of publication, distribution, etc. | c1967. |
| 300 ## - PHYSICAL DESCRIPTION | |
| Extent | 296 p. ; |
| Dimensions | 18 cm. |
| 500 ## - GENERAL NOTE | |
| General note | Special crusade edition. |
| 500 ## - GENERAL NOTE | |
| General note | Includes index. |
| 630 00 - SUBJECT ADDED ENTRY--UNIFORM TITLE | |
| Uniform title | Bible. |
| Name of part/section of a work | O.T. |
| -- | Psalms |
| General subdivision | Paraphrases, English. |
| 630 00 - SUBJECT ADDED ENTRY--UNIFORM TITLE | |
| Uniform title | Bible. |
| Name of part/section of a work | O.T. |
| -- | Proverbs |
| General subdivision | Paraphrases, English. |
| 942 ## - ADDED ENTRY ELEMENTS (KOHA) | |
| Source of classification or shelving scheme | Dewey Decimal Classification |
| Koha item type | Books |
| Withdrawn status | Lost status | Source of classification or shelving scheme | Damaged status | Not for loan | Collection code | Home library | Current library | Shelving location | Date acquired | Cost, normal purchase price | Total Checkouts | Full call number | Barcode | Date last seen | Price effective from | Koha item type |
|---|---|---|---|---|---|---|---|---|---|---|---|---|---|---|---|---|
| Dewey Decimal Classification | Non-fiction | Harvest Mission College | Harvest Mission College | General Stacks | 30.11.2018 | 260.00 | 223.20 T238W | 004854 | 30.11.2018 | 30.11.2018 | Books |
